Projets et stratégies urbaines (Registro nro. 63969)

Detalles MARC
000 -ENCABEZADO
Número de control [NR] 01162nam a2200289Ia 4500
008 - DE LONGITUD FIJA DE DATOS DE ELEMENTOS - INFORMACIÓN GENERAL
Elementos de longitud fija [NR] 130821s2009 fr ab gr fre
020 ## - NUMERO INTERNACIONAL NORMALIZADO PARA LIBROS [R]
Número Internacional Normalizado del libro [NR] 9782863642207
040 ## - FUENTE DE CATALOGACION [NR]
Agencia de catalogación original [NR] Co-BoUCM
Idioma de catalogación [NR] spa
041 00 - CODIGO DE IDIOMA [R]
Código de idioma para texto/pista de sonido o título separado [R] Francés
245 00 - MENCION DE TITULO [NR]
Título [NR] Projets et stratégies urbaines
Parte restante del título [NR] regards comparatifs
Mención de responsabilidad, etc. [NR] Alain Bourdin, Robert Prost, directores
260 ## - PUBLICACION, DISTRIBUCION, ETC. (PIE DE IMPRENTA) [R]
Lugar de publicación, distribución, etc. [R] Marsella (Provenza, Francia)
Nombre del editor, distribuidor, etc. [R] Parentheses
Fecha de publicación, distribución, etc. [R] 2009
300 ## - DESCRIPCION FISICA [R]
Extensión [R] 283 páginas
Otros detalles físicos [NR] mapas
490 #0 - MENCION DE SERIE [R]
Mención de serie [R] Colección.
-- La ville en train de se faire
504 ## - NOTA DE BIBLIOGRAFIA, ETC. [R]
Nota de bibliografía, etc. [NR]
650 04 - ASIENTO SECUNDARIO DE MATERIA - TERMINO TEMATICO [R]
Término temático o nombre geográfico como elemento de entrada [NR] Ciudades y pueblos
Subdivisión geográfica [R] Francia
Subdivisión de forma [R] Estudio de casos
9 (RLIN) 10961
650 04 - ASIENTO SECUNDARIO DE MATERIA - TERMINO TEMATICO [R]
Término temático o nombre geográfico como elemento de entrada [NR] Desarrollo de la comunidad
Subdivisión geográfica [R] Francia
Subdivisión de forma [R] Estudio de casos
9 (RLIN) 12938
650 04 - ASIENTO SECUNDARIO DE MATERIA - TERMINO TEMATICO [R]
Término temático o nombre geográfico como elemento de entrada [NR] Estructura urbana
Subdivisión geográfica [R] Francia
Subdivisión de forma [R] Estudio de casos
9 (RLIN) 15154
650 04 - ASIENTO SECUNDARIO DE MATERIA - TERMINO TEMATICO [R]
Término temático o nombre geográfico como elemento de entrada [NR] Planificación regional
Subdivisión geográfica [R] Francia
Subdivisión de forma [R] Estudio de casos
9 (RLIN) 7932
650 04 - ASIENTO SECUNDARIO DE MATERIA - TERMINO TEMATICO [R]
Término temático o nombre geográfico como elemento de entrada [NR] Sociología urbana
Subdivisión geográfica [R] Francia
Subdivisión de forma [R] Estudio de casos
9 (RLIN) 24816
650 04 - ASIENTO SECUNDARIO DE MATERIA - TERMINO TEMATICO [R]
Término temático o nombre geográfico como elemento de entrada [NR] Sociología
9 (RLIN) 386
650 04 - ASIENTO SECUNDARIO DE MATERIA - TERMINO TEMATICO [R]
Término temático o nombre geográfico como elemento de entrada [NR] Urbanismo
9 (RLIN) 25989
650 04 - ASIENTO SECUNDARIO DE MATERIA - TERMINO TEMATICO [R]
Término temático o nombre geográfico como elemento de entrada [NR] Urbanismo
Subdivisión geográfica [R] Francia
Subdivisión de forma [R] Estudio de casos
9 (RLIN) 8216
700 1# - ASIENTO SECUNDARIO - NOMBRE PERSONAL [R]
Nombre personal [NR] Bourdin, Alain
Término de relación [R]
9 (RLIN) 165954
700 1# - ASIENTO SECUNDARIO - NOMBRE PERSONAL [R]
Nombre personal [NR] Prost, Robert
Término de relación [R]
9 (RLIN) 165955
942 ## - ELEMENTOS DE ENTRADA AGREGADOS (KOHA)
Tipo de ítem principal el descrito en 300a Libro
Tema principal Arte
Edición 1
Parte restante de la signatura top. P964
Sistema de clasificación DEWEY
Clasificación 711.4
Existencias
Fecha de último préstamo Total préstamos Total Renewals Signatura topográfica Código de barras Última vez visto Ejemplar Price effective from Tipo de ítem Perdido Sistema de clasificación Dañado No prestable Tipo de ítem específico Suprimido Ubicación habitual Ubicación actual Localización Fecha de creación Forma de adquisición Costo
20/04/2018 7 5 711.4 P964 100102286 06/12/2025 Ej.1 03/02/2013 Libro   DEWEY     Libro   Claustro Claustro 2do piso 30/09/2010 Compra 67287.00